000 00695nam a2200289Ia 4500
005 20260324125145.0
008 008 260324s9999 xx 000 0 eng d
020 _a9780203875209
037 _aEBOOK
040 _aCRL
040 _beng
040 _cCRL
041 _2eng
041 _aeng
084 _qCRL
100 _aJoyce A. Thompsen
_91176911
245 0 _aAchieving a Triple Win
245 0 _bHuman Capital Management of the Employee Lifecycle
260 _bTaylor and Francis
260 _c2009
365 _a
365 _b280
856 _uhttp://www.taylorfrancis.com/books/9780203875209
942 _cEBOOK
999 _c1771912
_d1771912